000 00782cab a2200253 4500
001 WB3435-04
008 090401t1998 xxu||||| |||| 00| 0 eng d
035 _a(Sirsi) u88525
041 _aeng
245 _aCowboy builders
260 _c1998
350 _a0
490 _aIndependent
_v17 September 1998, 11
490 _aBuilding
_v263(8056) 18 September 1998, 8(1)
520 _aThe vast majority of homeowners believe the Government should crack down immediately on cowboy builders according to a survey by Smallbase, the home-repair company and Commercial Union.
650 _aCOMMERCIAL UNION
650 _aCONFERENCE
650 _aCOWBOY BUILDERS
650 _aOFT
650 _aSKILLBASE
690 _aBUILT ENVIRONMENT
942 _n0
948 _c17/09/1998
999 _c55940
_d55940